01325nam a2200289 4500001000700000003000900007005001700016007000300033008004100036080002900077080002200106100002600128245018200154260005600336300003200392490008700424650004700511651005400558700003200612700004100644700003900685710004300724830009500767852003200862999001900894952012200913111174ES-MaACL20230906185245.0t|061121s1963 sp r ||||1| spa d a623.1(466.2 S.S.)"15/16" a946.62 S.S."1813"1 aOlavide, Juan.98667510aSan Sebastián b: historia de sus fortificaciones : siglos XVI y XVII. El sitio de 1813 / cpor Olavide, Albarellos, Vigón ; notas ampliatorias del coronel Mexía Carrillo. aZarauz : bAyuntamiento de San Sebastián, c1963. a360 p., 9 lám. ; c26 cm.1 aEdiciones del Excmo. Ayuntamiento de la ciudad de San Sebastián ;vColección A 4aFortificaciones-zSan Sebastián.9143183 4aSan Sebastián-xHistoria-y1813 (Sitio)91534331 aAlbarellos, Braulio.9192371 aVigón y Suerodíaz, Juan.91146670 aMexía Carrillo, Fernando.9807690 aSan Sebastián. bAyuntamiento.964900 aEdiciones del Excmo. Ayuntamiento de la ciudad de San Sebastián ;vColección A9233054 aES-MaACLjC-23593 bR.52401 c111174d111174 00104070aATENEOMbATENEOMcDEPO2d2008-01-17eSCl0oC-23593p1115989r2023-02-23 00:00:00w2023-02-23yMONOGRAFIA